Erti kejujuran
| Main Author: | |
|---|---|
| Other Authors: | |
| Format: | Book |
| Published: |
Subang Jaya :
Pustaka Penamas ,
1996
|
| Series: | Cereka hiasan budi
|
| Subjects: |
MARC
| LEADER | 00000cam a2200000 7i4500 | ||
|---|---|---|---|
| 001 | 0000009146 | ||
| 002 | 000009961 | ||
| 005 | 20080319.0 | ||
| 020 | |a 9839210203 | ||
| 090 | 0 | 0 | |a JF |b DIA |
| 100 | 0 | |a S.A.Dian | |
| 245 | 1 | 0 | |a Erti kejujuran |c S.A.Dian ; illustrasi oleh Saiful Mohammad |
| 260 | |a Subang Jaya : |b Pustaka Penamas , |c 1996 | ||
| 300 | |a 55p. : |b ill. ; |c 17cm. | ||
| 490 | 0 | |a Cereka hiasan budi | |
| 650 | 0 | 0 | |a Children's stories, Malay |
| 700 | 0 | |a Saiful Mohammad | |
| 999 | |a 053828 |b BUKU |c PINJAMAN |e PERPUSTAKAAN KOMUNITI CAW KOTA DAMANSARA | ||